000 00672cam a22002293a 4500
001 19946
003 PGUSA
005 20140828083425.0
008 061128s2006||||xxu|||||s|||||000 1 eng d
040 _aPGUSA
_beng
042 _adc
050 4 _aPS
100 1 _aHenry, Stuart Oliver,
_d1860-1953
245 1 0 _aVilla Elsa :
_bA Story of German Family Life
_h[electronic resource] /
_cStuart Oliver Henry
260 _bProject Gutenberg,
_c2006
506 _aPublic domain in the USA.
516 _aElectronic text
653 _aAmericans -- Germany -- Fiction
830 0 _aProject Gutenberg
_v19946
856 4 0 _uhttp://www.gutenberg.org/ebooks/19946
942 _cEB
999 _c249201
_d249201